Acoustics. (Record no. 544391)
[ view plain ]
| 000 -LEADER | |
|---|---|
| fixed length control field | 00516nam a22001571 4500 |
| 082 ## - DEWEY DECIMAL CLASSIFICATION NUMBER | |
| Classification number | 534 |
| Author Mark | WOO |
| -- | L-6,P-5 |
| 100 1# - MAIN ENTRY--PERSONAL NAME | |
| Personal name | Wood, Alexander, |
| 9 (RLIN) | 40013 |
| 245 00 - TITLE STATEMENT | |
| Title | Acoustics. |
| 260 ## - PUBLICATION, DISTRIBUTION, ETC. | |
| Place of publication, distribution, etc. | New York, |
| Name of publisher, distributor, etc. | Dover Publications |
| Date of publication, distribution, etc. | [1966] |
| 300 ## - PHYSICAL DESCRIPTION | |
| Extent | xiv, 594 p. |
| Other physical details | illus. |
| Dimensions | 22 cm. |
| 500 ## - GENERAL NOTE | |
| General note | "Unabridged and unaltered republication of the second (1960) edition of the work originally published ... in 1940." |
| 526 ## - STUDY PROGRAM INFORMATION NOTE | |
| Program name | 0 |
| Interest level | 0 |
| Reading level | 0 |
| Title point value | 534_000000000000000_WOO |
| 650 #0 - SUBJECT ADDED ENTRY--TOPICAL TERM | |
| Topical term or geographic name entry element | MCE |
| 9 (RLIN) | 379 |
| 650 #0 - SUBJECT ADDED ENTRY--TOPICAL TERM | |
| Topical term or geographic name entry element | Sound. |
| 9 (RLIN) | 26890 |
| 942 ## - ADDED ENTRY ELEMENTS (KOHA) | |
| Source of classification or shelving scheme | |
| Koha item type | Book |
| Withdrawn status | Lost status | Source of classification or shelving scheme | Damaged status | Not for loan | Permanent Location | Current Location | Date acquired | Total Checkouts | Full call number | Barcode | Date last seen | Price effective from | Koha item type |
|---|---|---|---|---|---|---|---|---|---|---|---|---|---|
| Military College of Engineering (MCE) | Military College of Engineering (MCE) | 04/17/2014 | 534 WOO | MCE-1637 | 04/17/2014 | 04/17/2014 | Book |
